000 00698nam a2200289Ia 4500
005 20260324142622.0
008 008 260324s9999 xx 000 0 eng d
020 _a9780203393420
037 _aEBOOK
040 _aCRL
040 _beng
040 _cCRL
041 _2eng
041 _aeng
084 _qCRL
100 _aAndrew Davis; Deirdre Pettitt
_91212619
245 0 _aDeveloping Understanding In Primary Mathematics
245 0 _bKey Stages 1 & 2
260 _bTaylor and Francis
260 _c1994
365 _a
365 _b300
856 _uhttp://www.taylorfrancis.com/books/9780203393420
942 _cEBOOK
999 _c1817007
_d1817007